| 000 -LEADER |
| fixed length control field |
00831nam a22002417a 4500 |
| 003 - CONTROL NUMBER IDENTIFIER |
| control field |
OSt |
| 005 - DATE AND TIME OF LATEST TRANSACTION |
| control field |
20260205122928.0 |
| 008 - FIXED-LENGTH DATA ELEMENTS--GENERAL INFORMATION |
| fixed length control field |
180320b xxu||||| |||| 00| 0 spa d |
| 020 ## - INTERNATIONAL STANDARD BOOK NUMBER |
| International Standard Book Number |
9789874798619 |
| 040 ## - CATALOGING SOURCE |
| Transcribing agency |
PJ |
| 245 10 - MENCIÓN DE TÍTULO |
| Título propiamente dicho |
Vulnerabilidad digital : |
| Parte restante del título |
desafíos y amenazas de la sociedad hiperconectada / |
| Mención de responsabilidad, etc |
Walter F. Carnota, Lucas De Venezia, dirección. |
| 260 ## - PUBLICATION, DISTRIBUTION, ETC. (IMPRINT) |
| Place of publication, distribution, etc |
Buenos Aires : |
| Name of publisher, distributor, etc |
Hammurabi, |
| Date of publication, distribution, etc |
2024. |
| 300 ## - DESCRIPCION FISICA |
| Extent |
407 p. |
| Dimensions |
23 cm. |
| 500 ## - NOTA GENERAL |
| General note |
Obra colectiva. |
| 505 ## - FORMATTED CONTENTS NOTE |
| Formatted contents note |
Bibliografía: p. 391-407. |
| 650 #0 - ASIENTO SECUNDARIO DE MATERIA - TERMINO TEMATICO |
| 9 (RLIN) |
273 |
| Topical term or geographic name as entry element |
DERECHO INFORMATICO |
| 650 #0 - ASIENTO SECUNDARIO DE MATERIA - TERMINO TEMATICO |
| 9 (RLIN) |
6081 |
| Topical term or geographic name as entry element |
CIENCIA Y TECNOLOGÍA |
| 650 #0 - ASIENTO SECUNDARIO DE MATERIA - TERMINO TEMATICO |
| 9 (RLIN) |
4023 |
| Topical term or geographic name as entry element |
NUEVAS TECNOLOGIAS DE INFORMACION |
| 650 #0 - ASIENTO SECUNDARIO DE MATERIA - TERMINO TEMATICO |
| 9 (RLIN) |
281 |
| Topical term or geographic name as entry element |
INTERNET |
| 700 ## - ADDED ENTRY--PERSONAL NAME |
| 9 (RLIN) |
1228 |
| Personal name |
Carnota, Walter F. |
| Relator term |
director |
| 700 ## - ADDED ENTRY--PERSONAL NAME |
| 9 (RLIN) |
6457 |
| Personal name |
De Venezia, Lucas |
| Relator term |
director |
| 942 ## - ADDED ENTRY ELEMENTS (KOHA) |
| Source of classification or shelving scheme |
|
| Koha item type |
Libros |
| Classification part |
342.4(829.0) |
| Item part |
CON |